000 00456nam a2200157Ia 4500
005 20250624024840.0
008 240331s9999 xx 000 0 und d
020 _a9552000262
082 _bBAN
_a330
100 _aBandara,P.M.N.
245 0 _aSri Lanka arthikaya maathakaleena prawanatha
260 _aColombo
_bS. Godage & Brothers
_c1987
300 _a144 p .,
500 _aA book on Recent Trends in the Sri Lankan Economy- During 1978-86
942 _cL
999 _c5223
_d5223